[Event "1er Open d'Espalion"]
[Site "Espalion (12)"]
[Date "2016.07.11"]
[Round "4.14"]
[White "Mourgues, Joelle"]
[Black "Marie, Olivier"]
[Result "1-0"]
[WhiteElo "1717"]
[BlackElo "1560"]
[PlyCount "131"]
[EventDate "2016.??.??"]

1. d4 b6 2. c4 Bb7 3. Nf3 g6 4. Nc3 Nf6 5. Qc2 Bg7 6. e4 a5 7. Be2 Na6 8. a3
O-O 9. O-O Rc8 10. e5 Ne8 11. Bf4 e6 12. Bg3 d6 13. Rad1 Qe7 14. Nb5 d5 15. b3
c6 16. Nc3 Qxa3 17. Ra1 Qe7 18. Qd2 Nec7 19. Na4 Na8 20. Rfc1 Rfd8 21. c5 b5
22. Nb2 N8c7 23. Rxa5 Ne8 24. Nd3 Qf8 25. Nb4 Nxb4 (25... Bh6) 26. Qxb4 Ra8 27.
Rca1 Rxa5 28. Rxa5 Ra8 29. Rxa8 Bxa8 30. Qa5 Bb7 31. Qb6 Qe7 32. Ne1 Qc7 33.
Nd3 Bc8 34. f4 Kf8 35. Bf2 Ke7 36. g4 Kd7 37. h4 Bf8 38. Qxc7+ Nxc7 39. Kg2 Be7
40. Kf3 Ke8 41. g5 Ba6 42. Nb4 Bb7 43. Be1 Bd8 44. h5 Na6 45. Nc2 gxh5 46. Bd3
b4 47. Bxh7 Ba5 48. g6 Kf8 49. gxf7 Kxf7 50. Bh4 Nc7 51. Bd3 Ne8 52. Be1 Ng7
53. Bxb4 Bd8 54. Be1 Nf5 55. Bf2 Kg6 56. b4 Kf7 57. b5 Ba5 58. Bxf5 exf5 59. b6
Bc3 60. Be1 Bb2 61. Ke3 Bc1+ 62. Kf3 Bb2 63. Bd2 Ba6 64. Ke3 Ke6 65. Ne1 h4 66.
Nf3 1-0

[Event "1er Open d'Espalion"]
[Site "Espalion (12)"]
[Date "2016.07.11"]
[Round "4.15"]
[White "Ausseil, Pascal"]
[Black "Griggio, Jean-Paul"]
[Result "0-1"]
[WhiteElo "1399"]
[BlackElo "1736"]
[PlyCount "90"]
[EventDate "2016.??.??"]

1. e4 e5 2. Nf3 Nc6 3. Bc4 Be7 4. d4 exd4 5. Nxd4 d6 6. Bf4 Nf6 7. Nc3 O-O 8.
Qd2 a6 9. O-O-O Na5 10. Qd3 c5 11. Nf5 Bxf5 12. exf5 Nxc4 13. Qxc4 b5 14. Qe2
d5 15. Be5 d4 16. Ne4 Nxe4 17. Qxe4 Bf6 18. h4 Qb6 19. g4 Bxe5 20. Qxe5 Rfe8
21. Qf4 Rad8 22. h5 Qd6 23. Qf3 c4 24. g5 Qd5 25. Qh3 Re2 26. Rhe1 Rde8 27. f6
Rxe1 28. Rxe1 Rxe1+ 29. Kd2 Qe6 30. Qxe6 Rxe6 31. fxg7 Kxg7 32. f4 Re3 33. c3
dxc3+ 34. bxc3 Rh3 35. h6+ Kg6 36. a3 Kf5 37. g6 fxg6 38. Kc2 Kxf4 39. Kb2 Rxh6
40. Kb1 Rh2 41. Ka1 Ke4 42. Kb1 Kd3 43. a4 Kxc3 44. a5 Rg2 45. Kc1 Rg1# 0-1

[Event "1er Open d'Espalion"]
[Site "Espalion (12)"]
[Date "2016.07.11"]
[Round "4.16"]
[White "Bonot, Bernard"]
[Black "Herrero, Alain"]
[Result "0-1"]
[WhiteElo "1374"]
[BlackElo "1676"]
[PlyCount "120"]
[EventDate "2016.??.??"]

1. b3 g6 2. Bb2 Nf6 3. e3 Bg7 4. Nf3 O-O 5. Be2 c5 6. O-O Nc6 7. d3 d5 8. Nbd2
Re8 9. Rb1 e5 10. h3 b6 11. Nh2 Qc7 12. e4 dxe4 13. Nxe4 Nxe4 14. dxe4 Bb7 15.
Bf3 Nd4 16. Bxd4 cxd4 17. Qc1 Rac8 18. Rb2 Qc3 19. Rd1 Ba6 20. Nf1 Bf8 21. Rb1
Qxc2 22. Qd2 Ba3 23. Qxc2 Rxc2 24. Rd2 Rec8 25. Rxc2 Rxc2 26. Ra1 Bb2 27. Rb1
Bc3 28. a4 Rb2 29. Rxb2 Bxb2 30. Bd1 Bd3 31. f3 f5 32. Nd2 f4 33. Kf2 Kf7 34.
g4 g5 35. Ke1 Bc3 36. Be2 Bxe2 37. Kxe2 Bxd2 38. Kxd2 Ke6 39. Kd3 Kd6 40. Kc4
Kc6 41. b4 a6 42. Kd3 a5 43. Kc4 axb4 44. Kxb4 d3 45. Kc3 Kc5 46. Kxd3 Kb4 47.
Kc2 Kxa4 48. Kb2 Kb4 49. Kc2 Kc4 50. Kd2 Kd4 51. Ke2 b5 52. Kd2 b4 53. Ke2 b3
54. Kd2 b2 55. Kc2 Ke3 56. Kxb2 Kxf3 57. Kc3 Kxe4 58. Kd2 f3 59. Ke1 Kf4 60.
Kf2 e4 0-1

[Event "1er Open d'Espalion"]
[Site "Espalion (12)"]
[Date "2016.07.11"]
[Round "4.17"]
[White "Criticos, Kris"]
[Black "Lemaire, Frederic"]
[Result "1-0"]
[WhiteElo "1641"]
[BlackElo "1468"]
[PlyCount "119"]
[EventDate "2016.??.??"]

1. f4 f5 2. e4 e6 3. Nc3 d6 4. exf5 exf5 5. Bc4 Nf6 6. Nf3 h6 7. d3 Qe7+ 8. Ne2
Be6 9. Bxe6 Qxe6 10. O-O Be7 11. Ned4 Qd7 12. Nh4 O-O 13. Ndxf5 Nc6 14. Re1 Nh7
15. Nxe7+ Nxe7 16. Rxe7 Qxe7 17. Ng6 Qf7 18. Nxf8 Rxf8 19. Qf3 c6 20. Bd2 Nf6
21. g3 Qc7 22. d4 d5 23. b3 Re8 24. Re1 Rxe1+ 25. Bxe1 Qb6 26. Qd3 Ne4 27. Kg2
Qc7 28. c4 Qd7 29. cxd5 Qxd5 30. Qc4 Kf7 31. Qxd5+ cxd5 32. Kf3 Ke6 33. g4 g6
34. Ke3 b6 35. a4 a6 36. h3 Kf6 37. Bh4+ Ke6 38. Be1 Kf6 39. Kf3 Ke6 40. Bb4
Kf6 41. Kg2 h5 42. Kf3 Ke6 43. Be1 Kf6 44. b4 b5 45. axb5 axb5 46. Ke3 Ke6 47.
Kf3 Kf6 48. Bh4+ Kf7 49. gxh5 gxh5 50. f5 Nd2+ 51. Kf4 Ne4 52. Ke5 Nc3 53. Be1
Ne2 54. h4 Ng1 55. Kxd5 Nf3 56. Bg3 Kf6 57. Kc5 Kxf5 58. d5 Kg4 59. d6 Nd2 60.
d7 1-0

[Event "1er Open d'Espalion"]
[Site "Espalion (12)"]
[Date "2016.07.11"]
[Round "4.18"]
[White "Ferraye, Nicolas"]
[Black "Bois, Samuel"]
[Result "1-0"]
[WhiteElo "1629"]
[BlackElo "1438"]
[PlyCount "131"]
[EventDate "2016.??.??"]

1. e4 d6 2. d4 Nf6 3. Bd3 g6 4. c3 Bg7 5. Nf3 c5 6. h3 Nbd7 7. Be3 O-O 8. Qd2
cxd4 9. cxd4 Nb6 10. Nc3 Bd7 11. Bh6 Na4 12. Nxa4 Bxa4 13. Bxg7 Kxg7 14. O-O
Bc6 15. d5 Bd7 16. Rac1 Rc8 17. Rc3 Rxc3 18. Qxc3 Qc8 19. Qd2 Qb8 20. Nd4 Rc8
21. f4 b5 22. Kh2 Qb6 23. Bb1 Rc4 24. Rd1 b4 25. b3 Rc3 26. a3 a5 27. Bc2 Qc5
28. axb4 axb4 29. Re1 Qc7 30. Re3 Rxe3 31. Qxe3 e5 32. dxe6 fxe6 33. Qd2 e5 34.
fxe5 dxe5 35. Ne2 Bb5 36. Nc1 Qc3 37. Qxc3 bxc3 38. Na2 Kh6 39. Nxc3 Bc6 40. g3
g5 41. Kg2 Kg7 42. Kf3 Bd7 43. Kg2 Bc6 44. b4 Kf8 45. Kf3 Ke7 46. b5 Bb7 47.
Bb3 Kd6 48. Nd5 Nxd5 49. Bxd5 Bc8 50. b6 Ba6 51. b7 Kc7 52. Kg4 h6 53. Kh5 Bf1
54. h4 gxh4 55. gxh4 Ba6 56. Kxh6 Bxb7 57. Bxb7 Kxb7 58. Kg7 Kc6 59. h5 Kc5 60.
h6 Kd4 61. h7 Kxe4 62. h8=Q Kd4 63. Kg6 Ke4 64. Qh2 Kd5 65. Qe2 Ke6 66. Kg5 1-0

[Event "1er Open d'Espalion"]
[Site "Espalion (12)"]
[Date "2016.07.11"]
[Round "4.19"]
[White "Ausseil-Bordignon, Aurelien"]
[Black "Caudrelier, Pierre"]
[Result "0-1"]
[WhiteElo "1009"]
[BlackElo "1618"]
[PlyCount "44"]
[EventDate "2016.??.??"]

1. e4 e5 2. Nf3 Nc6 3. Bc4 Bc5 4. O-O Nf6 5. Nc3 d6 6. d3 Na5 7. Bxf7+ Kxf7 8.
Bg5 Be6 9. d4 exd4 10. Nxd4 Qd7 11. Qf3 Bxd4 12. Bxf6 Bxf6 13. Rfe1 Rhe8 14.
Qh5+ Kg8 15. b4 Nc6 16. Qb5 Nd4 17. Qxb7 Nxc2 18. Qb5 Nxa1 19. Rxa1 Qxb5 20.
Nxb5 Bxa1 21. Nxc7 Rac8 22. Nxe6 Rc1# 0-1

[Event "1er Open d'Espalion"]
[Site "Espalion (12)"]
[Date "2016.07.11"]
[Round "4.20"]
[White "Moulie, Patrick"]
[Black "Jonker, Jan"]
[Result "1-0"]
[WhiteElo "1611"]
[BlackElo "1380"]
[PlyCount "115"]
[EventDate "2016.??.??"]

1. e4 e6 2. f4 d5 3. e5 c5 4. Bb5+ Bd7 5. Qe2 a6 6. Bxd7+ Nxd7 7. Nf3 Nh6 8. d3
Nf5 9. c3 Be7 10. O-O O-O 11. Nbd2 Qb6 12. g4 c4+ 13. d4 Nh4 14. Nxh4 Bxh4 15.
g5 f6 16. gxf6 Nxf6 17. exf6 Rxf6 18. Nf3 Rg6+ 19. Kh1 Bf6 20. Ne5 Bxe5 21.
fxe5 Rf8 22. Rxf8+ Kxf8 23. Qf2+ Kg8 24. Be3 Qd8 25. Rf1 Qe8 26. h4 Rg4 27. Rg1
Qh5 28. Rxg4 Qxg4 29. Kh2 Qf5 30. Qg2 Qb1 31. Bh6 g6 32. Qf2 Qf5 33. Qg2 Kf7
34. Bg5 Ke8 35. Bf6 Kd7 36. a3 b5 37. Qd2 Qh5 38. Kg3 Kc6 39. Bd8 Kd7 40. Qg5
Qxg5+ 41. Bxg5 Kc6 42. Kg4 a5 43. Be7 Kd7 44. Bd6 Ke8 45. Kg5 Kf7 46. Bc5 Kg7
47. Kg4 h6 48. Bb6 a4 49. Bc5 Kf7 50. h5 Kg7 51. hxg6 Kxg6 52. Be7 h5+ 53. Kh4
Kf5 54. Kxh5 Ke4 55. Kg6 Kd3 56. Kf6 Kc2 57. Kxe6 Kxb2 58. Bb4 1-0

[Event "1er Open d'Espalion"]
[Site "Espalion (12)"]
[Date "2016.07.11"]
[Round "4.21"]
[White "Dubertrand, Bernard"]
[Black "Fabre, Jean-Michel"]
[Result "1-0"]
[WhiteElo "1583"]
[BlackElo "1328"]
[PlyCount "135"]
[EventDate "2016.??.??"]

1. e4 e5 2. Nf3 Nc6 3. Bc4 Bc5 4. c3 Nf6 5. b4 Bd6 6. d3 O-O 7. O-O b6 8. Re1
a6 9. Bb3 b5 10. a3 a5 11. bxa5 Rxa5 12. d4 Bb7 13. Ra2 Qa8 14. a4 Ba6 15. Bg5
Re8 16. Bxf6 gxf6 17. Bd5 bxa4 18. Nh4 Re7 19. Qg4+ Kh8 20. Nf5 Qg8 21. Qxg8+
Kxg8 22. Bxc6 dxc6 23. Nxe7+ Bxe7 24. Nd2 Bb5 25. c4 Ba6 26. Nb3 Bxc4 27. Nxa5
Bxa2 28. Ra1 Bb3 29. Nxb3 axb3 30. dxe5 fxe5 31. Rb1 c5 32. Rxb3 c4 33. Rc3 c6
34. Rxc4 c5 35. g3 Kg7 36. Kg2 Kg6 37. h4 Kf6 38. Ra4 Ke6 39. Ra6+ Kd7 40. Kf3
c4 41. Ke2 Bc5 42. f3 Bd4 43. h5 c3 44. Kd3 Ke7 45. g4 Kf8 46. g5 Ke7 47. f4
Kf8 48. f5 Ke7 49. Rc6 Kf8 50. Rc8+ Ke7 51. Rh8 c2 52. Kxc2 Be3 53. Rg8 h6 54.
g6 fxg6 55. fxg6 Bg5 56. Rg7+ Kf8 57. Rf7+ Kg8 58. Kd3 Bd8 59. Kc4 Bg5 60. Kd5
Bf4 61. Ke6 Bg5 62. Kxe5 Kh8 63. Ke6 Kg8 64. Kd7 Be7 65. Kxe7 Kh8 66. Kf6 Kg8
67. e5 Kh8 68. e6 1-0

[Event "1er Open d'Espalion"]
[Site "Espalion (12)"]
[Date "2016.07.11"]
[Round "4.22"]
[White "Muller-Moingt, Bastien"]
[Black "Dutertre, Jean-Michel"]
[Result "0-1"]
[WhiteElo "1009"]
[BlackElo "1583"]
[PlyCount "54"]
[EventDate "2016.??.??"]

1. e4 e5 2. Nf3 Nc6 3. Bb5 d6 4. Bxc6+ bxc6 5. O-O Bg4 6. d3 Nf6 7. Bg5 Be7 8.
Nbd2 O-O 9. Bxf6 Bxf6 10. Re1 d5 11. exd5 cxd5 12. Nf1 Re8 13. Ng3 Qc8 14. d4
e4 15. Nd2 Bxd1 16. Raxd1 Bxd4 17. Ndxe4 Bxb2 18. Rxd5 Qb7 19. Rg5 Rad8 20. h3
Qb4 21. Nf5 Qxe1+ 22. Kh2 Qxe4 23. Rxg7+ Bxg7 24. Nxg7 Kxg7 25. f3 Qf4+ 26. Kg1
Qg3 27. c4 Re1# 0-1

[Event "1er Open d'Espalion"]
[Site "Espalion (12)"]
[Date "2016.07.11"]
[Round "4.23"]
[White "Brochet, Thierry"]
[Black "Rollot, Priscillia"]
[Result "1-0"]
[WhiteElo "1582"]
[BlackElo "1210"]
[PlyCount "59"]
[EventDate "2016.??.??"]

1. e4 d5 2. exd5 Qxd5 3. Nf3 Qa5 4. Nc3 Bg4 5. Be2 Nf6 6. O-O e5 7. h3 Bf5 8.
Re1 Nc6 9. Bb5 O-O-O 10. Bxc6 bxc6 11. Rxe5 Qb6 12. Rxf5 Bb4 13. d3 Ba5 14. Be3
Qxb2 15. Rxa5 Qxc3 16. Rxa7 Rhe8 17. Ra8+ Kd7 18. Rxd8+ Rxd8 19. Bd4 Qa5 20.
Ne5+ Ke8 21. Nxc6 Qd5 22. Bxf6 gxf6 23. Nxd8 Kxd8 24. c4 Qa5 25. Qe2 h6 26. Re1
Kc8 27. Qe8+ Kb7 28. Rb1+ Ka7 29. Qb8+ Ka6 30. Qb7# 1-0

[Event "1er Open d'Espalion"]
[Site "Espalion (12)"]
[Date "2016.07.11"]
[Round "4.24"]
[White "Rollot, Nathalie"]
[Black "Cernavska, Veronica"]
[Result "1-0"]
[WhiteElo "1344"]
[BlackElo "1399"]
[PlyCount "37"]
[EventDate "2016.??.??"]

1. e4 d6 2. Nf3 Nf6 3. Nc3 Nc6 4. Bc4 e6 5. O-O Ng4 6. d4 e5 7. Ng5 h6 8. Nxf7
Ke7 9. Nxd8 Kxd8 10. dxe5 Bd7 11. e6 Be7 12. exd7 Kxd7 13. Qxg4+ Ke8 14. Qxg7
Rf8 15. Bb5 a6 16. Ba4 Bg5 17. Bxg5 hxg5 18. Nd5 Rd8 19. Qe7# 1-0

[Event "1er Open d'Espalion"]
[Site "Espalion (12)"]
[Date "2016.07.11"]
[Round "4.25"]
[White "Ferraye, Elio"]
[Black "Meyer, Bernard"]
[Result "0-1"]
[WhiteElo "1250"]
[BlackElo "1354"]
[PlyCount "76"]
[EventDate "2016.??.??"]

1. e4 e6 2. d4 d5 3. e5 c5 4. Nf3 Nc6 5. Bb5 Bd7 6. Bxc6 Bxc6 7. Bg5 Qa5+ 8.
Nc3 cxd4 9. Nxd4 Bb4 10. Bd2 Ne7 11. a3 Bxc3 12. Bxc3 Qc7 13. Nxc6 Nxc6 14. f4
O-O 15. Qf3 d4 16. Bd2 Rfd8 17. h4 Qd7 18. Qd3 Qd5 19. Rh2 Ne7 20. g4 Rac8 21.
h5 Qc6 22. Bc1 Qc4 23. Qh3 Nd5 24. h6 g6 25. f5 Ne3 26. Bxe3 dxe3 27. Qxe3 Rd4
28. Re2 Rcd8 29. b3 Qd5 30. Qc1 Rxg4 31. Qd1 Rg1+ 32. Kf2 Rxd1 33. Rxd1 Qxd1
34. Re4 Rd2+ 35. Kg3 Qg1+ 36. Kf3 Qf2+ 37. Kg4 gxf5+ 38. Kh3 Qh2# 0-1

[Event "1er Open d'Espalion"]
[Site "Espalion (12)"]
[Date "2016.07.12"]
[Round "5.2"]
[White "Degraeve, Remy"]
[Black "Saucey, Michel"]
[Result "1/2-1/2"]
[WhiteElo "2015"]
[BlackElo "2268"]
[PlyCount "83"]
[EventDate "2016.??.??"]

1. d4 d6 2. c4 g6 3. Nc3 Bg7 4. e4 Nc6 5. Be3 e5 6. Nge2 Nh6 7. f3 f5 8. Qd2 f4
9. Bf2 O-O 10. O-O-O Nf7 11. Kb1 g5 12. d5 Ne7 13. Nc1 Ng6 14. Nd3 g4 15. c5
Ng5 16. Be2 gxf3 17. gxf3 Nh3 18. c6 b6 19. Be1 Bf6 20. Nf2 Bh4 21. Nxh3 Bxh3
22. Bf1 Bc8 23. Rg1 a6 24. Qg2 Bxe1 25. Rxe1 Qh4 26. Be2 Kg7 27. Nd1 Kf6 28.
Nf2 Rg8 29. Ng4+ Bxg4 30. Qxg4 Qxg4 31. Rxg4 a5 32. Reg1 Ne7 33. Kc2 Rxg4 34.
Rxg4 Rg8 35. Rxg8 Nxg8 36. Kc3 Ne7 37. Kc4 Ng6 38. Kb5 Nh4 39. Ka6 Ke7 40. Kb7
Kd8 41. Kb8 h6 42. Kb7 1/2-1/2

[Event "1er Open d'Espalion"]
[Site "Espalion (12)"]
[Date "2016.07.12"]
[Round "5.3"]
[White "Moingt, Jean-Claude"]
[Black "Brison, Lucas"]
[Result "1-0"]
[WhiteElo "2177"]
[BlackElo "1856"]
[PlyCount "53"]
[EventDate "2016.??.??"]

1. e4 c5 2. Nf3 Nc6 3. Bb5 Nf6 4. Nc3 Qc7 5. O-O Nd4 6. Re1 e6 7. Bf1 a6 8. e5
Ng4 9. Nxd4 Nxf2 10. Ndb5 Nh3+ 11. gxh3 axb5 12. Nxb5 Qd8 13. Qf3 c4 14. d4 Qb6
15. Bxc4 Ra5 16. Qd3 d5 17. exd6 Bxd6 18. Bd2 Rxb5 19. Bxb5+ Ke7 20. c4 Rd8 21.
c5 Bxc5 22. dxc5 Rxd3 23. cxb6 Rxd2 24. Re2 Rd6 25. Rc1 Rxb6 26. a4 Bd7 27. Rc7
1-0

[Event "1er Open d'Espalion"]
[Site "Espalion (12)"]
[Date "2016.07.12"]
[Round "5.4"]
[White "Mestrallet, Ivan"]
[Black "Moingt, Anne"]
[Result "0-1"]
[WhiteElo "1910"]
[BlackElo "2073"]
[PlyCount "134"]
[EventDate "2016.??.??"]

1. d4 Nf6 2. c3 e6 3. Nf3 c5 4. e3 b6 5. Nbd2 Bb7 6. Bd3 cxd4 7. exd4 Be7 8.
O-O O-O 9. Re1 d6 10. Ne4 Nbd7 11. Bf4 Nxe4 12. Bxe4 Bxe4 13. Rxe4 Nf6 14. Re2
Nd5 15. Bg3 b5 16. Qd3 Qa5 17. Nd2 Rac8 18. f4 g6 19. h4 Qb6 20. h5 Kg7 21. Kf2
Nf6 22. hxg6 hxg6 23. Rh1 Rh8 24. Ree1 d5 25. Rxh8 Rxh8 26. Kf3 Nh5 27. Nf1 Bd6
28. Qd2 b4 29. Ne3 bxc3 30. bxc3 Nxg3 31. Kxg3 g5 32. Kf2 Bxf4 33. Qd3 Qb8 34.
Ng4 Rh4 35. Qf3 f5 36. Ne3 Bd6 37. g3 Bxg3+ 38. Qxg3 Qxg3+ 39. Kxg3 f4+ 40. Kg2
fxe3 41. Rxe3 Kf6 42. a4 Rf4 43. a5 Ke7 44. Re2 Kd6 45. Rb2 Kc6 46. Rb8 Rg4+
47. Kf2 Rh4 48. Rg8 Kb5 49. Rxg5 Kxa5 50. Re5 Kb5 51. Rxe6 a5 52. Ke3 a4 53.
Kd3 Rh3+ 54. Kc2 Rh2+ 55. Kd3 a3 56. Re8 Ka4 57. Rb8 a2 58. Ra8+ Kb3 59. Rb8+
Ka3 60. Ra8+ Kb2 61. Rb8+ Kc1 62. Ra8 Kb1 63. Rb8+ Rb2 64. Re8 a1=Q 65. Re1+
Ka2 66. Rxa1+ Kxa1 67. c4 Rb3+ 0-1

[Event "1er Open d'Espalion"]
[Site "Espalion (12)"]
[Date "2016.07.12"]
[Round "5.5"]
[White "Jarreton, Herve"]
[Black "Alnakshbandi, Raed"]
[Result "1-0"]
[WhiteElo "2010"]
[BlackElo "1824"]
[PlyCount "71"]
[EventDate "2016.??.??"]

1. e4 c5 2. d4 cxd4 3. c3 d3 4. Bxd3 Nc6 5. f4 d5 6. e5 g6 7. Be3 Nh6 8. h3 Bf5
9. g4 Bxd3 10. Qxd3 e6 11. Nf3 a6 12. Qd2 Ng8 13. Qf2 Nge7 14. Nbd2 b5 15.
O-O-O Qc8 16. Kb1 a5 17. Ng5 h6 18. Nge4 dxe4 19. Nxe4 Nd5 20. Rxd5 exd5 21.
Nf6+ Ke7 22. Bc5+ Ke6 23. f5+ Kxe5 24. Re1+ Kxf6 25. Bd4+ Nxd4 26. Qxd4+ Kg5
27. h4+ Kxh4 28. g5+ Kxg5 29. Rg1+ Kxf5 30. Qxd5+ Kf6 31. Qd4+ Kf5 32. Rf1+ Ke6
33. Re1+ Kf5 34. Qe5+ Kg4 35. Rg1+ Kf3 36. Rg3+ 1-0

[Event "1er Open d'Espalion"]
[Site "Espalion (12)"]
[Date "2016.07.12"]
[Round "5.6"]
[White "Malart, Jacques"]
[Black "Marazanof, Jean-Francois"]
[Result "0-1"]
[WhiteElo "1687"]
[BlackElo "1910"]
[PlyCount "64"]
[EventDate "2016.??.??"]

1. e4 c5 2. Nc3 e6 3. g3 Nc6 4. Bg2 g6 5. d3 Bg7 6. Be3 d6 7. Qd2 Qd7 8. Nge2
b6 9. a3 Bb7 10. f4 O-O-O 11. b4 Nd4 12. Bxd4 cxd4 13. Nd1 f5 14. c4 dxc3 15.
Rc1 Kb8 16. Ndxc3 d5 17. exd5 exd5 18. d4 Nf6 19. O-O Ba6 20. a4 Bc4 21. Rfe1
Rhe8 22. Kh1 Bxe2 23. Rxe2 Ne4 24. Bxe4 dxe4 25. Nb5 Rc8 26. Ree1 a6 27. Nc3
Qxd4 28. Qxd4 Bxd4 29. Nd5 Red8 30. Rxc8+ Rxc8 31. Ne7 Rc3 32. Rd1 e3 0-1

[Event "1er Open d'Espalion"]
[Site "Espalion (12)"]
[Date "2016.07.12"]
[Round "5.7"]
[White "Rollot, Florence"]
[Black "Haverlan, Jules"]
[Result "1/2-1/2"]
[WhiteElo "1845"]
[BlackElo "1457"]
[PlyCount "64"]
[EventDate "2016.??.??"]

1. Nf3 Nf6 2. c4 g6 3. g3 Bg7 4. Bg2 c6 5. O-O d6 6. d4 Qa5 7. a3 O-O 8. b4 Qh5
9. Re1 Bg4 10. Nbd2 Nbd7 11. Qc2 e5 12. Bb2 Rfe8 13. e4 Bh3 14. c5 Bxg2 15.
Kxg2 exd4 16. cxd6 Bf8 17. Bxd4 Bxd6 18. Nc4 Bc7 19. Rad1 Ng4 20. h3 Nge5 21.
Ncxe5 Nxe5 22. Nxe5 Bxe5 23. Bxe5 Qxe5 24. Rd7 Re7 25. Red1 Qe6 26. R7d4 a5 27.
Qc3 axb4 28. Qxb4 Qe5 29. Rd7 Qxe4+ 30. Qxe4 Rxe4 31. Rxb7 Rea4 32. Rdd7 Rf8
1/2-1/2

[Event "1er Open d'Espalion"]
[Site "Espalion (12)"]
[Date "2016.07.12"]
[Round "5.8"]
[White "Lagunes, Jean-Renaud"]
[Black "Lagunes, Robin"]
[Result "1/2-1/2"]
[WhiteElo "2009"]
[BlackElo "1814"]
[PlyCount "30"]
[EventDate "2016.??.??"]

1. e4 c5 2. Nf3 d6 3. Bb5+ Bd7 4. Bxd7+ Qxd7 5. c4 Nc6 6. d4 cxd4 7. Nxd4 Nf6
8. Nc3 e5 9. Nc2 Be7 10. O-O O-O 11. Bg5 h6 12. Bxf6 Bxf6 13. Nd5 Bd8 14. Qd3
Rc8 15. Rad1 f5 1/2-1/2

[Event "1er Open d'Espalion"]
[Site "Espalion (12)"]
[Date "2016.07.12"]
[Round "5.9"]
[White "Kedinger, Christian"]
[Black "Tagnon, Nicole"]
[Result "0-1"]
[WhiteElo "1820"]
[BlackElo "1935"]
[PlyCount "72"]
[EventDate "2016.??.??"]

1. e4 c5 2. Nc3 e6 3. f4 Nc6 4. Nf3 a6 5. d3 b5 6. Be2 Nge7 7. O-O g6 8. Qe1
Bg7 9. Qh4 b4 10. Nd1 O-O 11. Nf2 f5 12. g4 Nd4 13. Nxd4 Bxd4 14. exf5 exf5 15.
Bf3 Rb8 16. Kh1 d5 17. Re1 Bf6 18. g5 Bg7 19. Nd1 Bb7 20. Qf2 Qd6 21. a3 Nc6
22. c3 bxc3 23. bxc3 d4 24. c4 Na5 25. Nb2 Bxf3+ 26. Qxf3 Rfe8 27. Rxe8+ Rxe8
28. Bd2 Nb3 29. Re1 Rb8 30. Qe2 Qc6+ 31. Kg1 Nxd2 32. Qxd2 Re8 33. Kf2 Re3 34.
Rxe3 dxe3+ 35. Kxe3 Bd4+ 36. Ke2 Qg2+ 0-1

[Event "1er Open d'Espalion"]
[Site "Espalion (12)"]
[Date "2016.07.12"]
[Round "5.10"]
[White "Dubois, Martine"]
[Black "Criticos, Kris"]
[Result "0-1"]
[WhiteElo "1967"]
[BlackElo "1641"]
[PlyCount "107"]
[EventDate "2016.??.??"]

1. e4 g6 2. d4 Bg7 3. Nf3 d6 4. Be3 Nf6 5. Nc3 O-O 6. Qd2 c6 7. Bh6 Qc7 8. h4
Bg4 9. Bd3 e5 10. dxe5 dxe5 11. O-O-O Rd8 12. Rdg1 b5 13. Qg5 Bxf3 14. gxf3 Nh5
15. Bxg7 Nxg7 16. h5 Ne6 17. Qh6 Nf8 18. hxg6 fxg6 19. Ne2 Qg7 20. Qh4 Nbd7 21.
Ng3 Qf6 22. Qh6 Qf4+ 23. Qxf4 exf4 24. Ne2 Ne6 25. Rh3 Ne5 26. Rgh1 Rxd3 27.
Rxh7 Rdd8 28. Re7 Re8 29. Rhh7 Nxf3 30. Rb7 Nfg5 31. Rh6 Nf8 32. Nxf4 Nf7 33.
Rh1 Rxe4 34. Nh3 Rh4 35. f4 Rh7 36. Rc7 Ne6 37. Rxc6 Nxf4 38. Nf2 Rxh1+ 39.
Nxh1 Rd8 40. Ng3 Ne5 41. Rc7 Rd7 42. Rc8+ Kf7 43. a4 bxa4 44. Ne4 Ne6 45. Rb8
a6 46. Rh8 Kg7 47. Ra8 Nc7 48. Ra7 Nc6 49. Rb7 Re7 50. Ng5 Kf6 51. Nf3 Ne5 52.
Nd4 Nc4 53. c3 Nd5 54. Ra7 0-1

[Event "1er Open d'Espalion"]
[Site "Espalion (12)"]
[Date "2016.07.12"]
[Round "5.11"]
[White "Rollot, Jean-Louis"]
[Black "Ferraye, Nicolas"]
[Result "1-0"]
[WhiteElo "1914"]
[BlackElo "1629"]
[PlyCount "89"]
[EventDate "2016.??.??"]

1. c4 c5 2. g3 g6 3. Bg2 e6 4. Nc3 Bg7 5. Nf3 Nc6 6. O-O Nge7 7. Rb1 d5 8. cxd5
exd5 9. d3 O-O 10. a3 Be6 11. Bf4 a6 12. Ng5 Qd7 13. Na4 Nc8 14. Nxc5 Qe7 15.
Ncxe6 fxe6 16. Bh3 e5 17. Bd2 Nd4 18. Bg2 Nb6 19. Nf3 Nxf3+ 20. Bxf3 Qe6 21.
Qb3 Rae8 22. Ba5 e4 23. Bg2 Rf6 24. Bxb6 Qxb6 25. Qxd5+ Qe6 26. Qxb7 Qg4 27.
Bxe4 Qxe2 28. Rbe1 Rxe4 29. Rxe2 Rxe2 30. d4 Ree6 31. Qd5 Kh8 32. Rc1 h6 33.
Rc8+ Kh7 34. Rc7 Re1+ 35. Kg2 Re2 36. Qb7 Rfxf2+ 37. Kg1 Rg2+ 38. Qxg2 Rxg2+
39. Kxg2 Kg8 40. Rxg7+ Kxg7 41. Kf3 Kf6 42. b4 Ke6 43. Ke4 Kd6 44. a4 h5 45. h4
1-0

[Event "1er Open d'Espalion"]
[Site "Espalion (12)"]
[Date "2016.07.12"]
[Round "5.12"]
[White "Herrero, Alain"]
[Black "Degraeve, Thomas"]
[Result "0-1"]
[WhiteElo "1676"]
[BlackElo "1905"]
[PlyCount "62"]
[EventDate "2016.??.??"]

1. d4 b6 2. c4 Bb7 3. Nf3 e6 4. e3 f5 5. Be2 Nf6 6. Nc3 Bb4 7. O-O Bxc3 8. bxc3
O-O 9. Ne5 d6 10. Bf3 Ne4 11. Bxe4 fxe4 12. Ng4 h5 13. Nh6+ gxh6 14. Qxh5 Qg5
15. Qd1 Ba6 16. f4 Qg6 17. Rf2 Bxc4 18. g4 Kh7 19. Rg2 Rg8 20. Ba3 Nc6 21. h4
h5 22. g5 Ne7 23. Qe1 Nd5 24. Rb1 Qf5 25. Rg3 Kg6 26. Rb2 a5 27. Rf2 b5 28. Bc1
Rgb8 29. a3 c5 30. Bd2 b4 31. axb4 axb4 0-1

[Event "1er Open d'Espalion"]
[Site "Espalion (12)"]
[Date "2016.07.12"]
[Round "5.13"]
[White "Kohler, Paul"]
[Black "Moulie, Patrick"]
[Result "0-1"]
[WhiteElo "1864"]
[BlackElo "1611"]
[PlyCount "120"]
[EventDate "2016.??.??"]

1. Nf3 d6 2. b4 e5 3. d3 Be7 4. Bb2 Nf6 5. g3 h6 6. Bg2 Be6 7. Nbd2 c6 8. c4
Qc8 9. h3 O-O 10. Rc1 Qd7 11. a4 Na6 12. Bc3 Nc7 13. g4 Nfe8 14. d4 f6 15. Nh4
Bf7 16. Be4 Ne6 17. Bb1 exd4 18. Qc2 f5 19. Nxf5 Nf6 20. Nxd4 Rae8 21. Nf5 Nf4
22. Nxh6+ gxh6 23. Bxf6 Bg6 24. e4 Bxf6 25. Qb3 Kh7 26. Kf1 Bh4 27. Nf3 Qe7 28.
c5 d5 29. e5 Bxb1 30. Rxb1 Ng6 31. Qd3 Rf4 32. g5 hxg5 33. Rg1 Ref8 34. Nxh4
Rxh4 35. Re1 Kh6 36. Qg3 Rf5 37. e6 Nf4 38. Rh1 Nxe6 39. Qb8 Qf6 40. Rh2 Rxb4
41. Rg2 Nf4 42. h4 Nxg2 43. hxg5+ Rxg5 44. Qh2+ Rh4 45. Qxg2 Rxg2 46. Kxg2 Rg4+
47. Kf1 Rxa4 48. Re8 Ra1+ 49. Ke2 Qb2+ 50. Kf3 Qa3+ 51. Kf4 Qxc5 52. Kg4 Rg1+
53. Kf3 Qc3+ 54. Kf4 Qf6+ 55. Ke3 Re1+ 56. Kd2 Rxe8 57. Kc2 Qxf2+ 58. Kb3 Re3+
59. Kb4 Qf8+ 60. Ka5 Ra3# 0-1

[Event "1er Open d'Espalion"]
[Site "Espalion (12)"]
[Date "2016.07.12"]
[Round "5.14"]
[White "Caudrelier, Pierre"]
[Black "Carno, Matthias"]
[Result "1-0"]
[WhiteElo "1618"]
[BlackElo "1792"]
[PlyCount "51"]
[EventDate "2016.??.??"]

1. e4 d5 2. exd5 Nf6 3. d4 Nxd5 4. Nf3 Bf5 5. Bd3 Bg6 6. O-O e6 7. c3 Bd6 8.
Na3 Bxa3 9. Bxg6 hxg6 10. Qa4+ Qd7 11. Qxa3 Nc6 12. Ne5 Nxe5 13. dxe5 a6 14.
Rd1 Qc6 15. Bd2 O-O-O 16. Rac1 Qc4 17. Re1 Qh4 18. h3 Nb4 19. cxb4 Rxd2 20. Rf1
Rhd8 21. b5 Qd4 22. bxa6 Qxb2 23. Qxb2 Rxb2 24. a7 Rxa2 25. Ra1 Rdd2 26. a8=Q+
1-0